Responses for Show #7075 - Friday, May 22, 2015

Contestants

[<< previous game]

Gordon Marx, a software architect from Somerville, Massachusetts

Melissa Lake, a special education teacher from Reading, Pennsylvania

Choyon Manjrekar, an urban planner from Providence, Rhode Island (whose 1-day cash winnings total $23,800)

[next game >>]

Jeopardy! Round responses

SOUVENIRS OF SOUTH DAKOTA
(Alex: ...from the world-famous Wall Drug.)
COMMON BONDS
THE PATRIOT ACT
SURGICAL TERMS
FAMOUS NAMES
ENDS IN "TH"
    $200 3
gold prospecting

Choyon
    $200 19
envelopes

Melissa
    $200 25
Paul Revere

Choyon
    $200 7
a bypass

Gordon
    $200 9
Mark Zuckerberg

Gordon
    $200 2
mirth

Melissa
    $400 16
towns

Melissa
    $400 21
diets

Gordon
    $400 30
(Paul) Giamatti

Choyon
    $400 8
sterilize them

Melissa
    $400 13
(Casey) Kasem

Choyon
    $400 1
froth

Gordon
    $600 17
a jackalope

Choyon
    $600 22
types of chairs

Choyon
    $600 26
Beau Bridges

Melissa
    $600 10
biopsy

Gordon
    $600 14
John Paul I

Choyon
    $600 4
dearth

Melissa
    $800 20
sage

Gordon
    $800 23
things that are red

Choyon
    $800 28
Nick Nolte

Triple Stumper
    $800 11
(Gordon: What is subcutaneous?)

hypodermic

Gordon
Triple Stumper
    $800 15
Beverly Cleary

Melissa
    $800 5
stealth

Choyon
    $1000 27
quartz

Choyon
    $1000 24
liquid

Gordon
    $1,500 29
(Choyon: Who are the Minutemen?)

the Sons of Liberty

Choyon
    $1000 12
a suture

Choyon
    $1000 18
(Buckminster) Fuller

Choyon
    $1000 6
the nth degree

Gordon

Scores at the first commercial break (after clue 15):

Choyon Melissa Gordon
$3,000 $2,000 $1,600

Scores at the end of the Jeopardy! Round:

Choyon Melissa Gordon
$6,100 $3,200 $3,800

Double Jeopardy! Round responses

WORLD WAR I
THE MUSICAL TYPOGRAPHICAL MARK
GREEN BOOKS
POTPOUR"P"
AFRICAN GEOGRAPHY
ANAGRAMS OF EACH OTHER
    $400 1
a period

Gordon
    $400 26
(Alex: You are right, with less than a minute to go now.)

New York

Gordon
    $400 11
[Applause for Choyon's run of the category]

parlor

Choyon
    $400 18
(Gordon: What is the Kalahari Desert?)

the Sahara

ChoyonGordon
    $400 2
Earth & heart

Gordon
    $800 24
a trench

Melissa
    $800 29
[The end-of-round signal sounds.]

an accent

Melissa
    $800 19
Michael Pollan

Melissa
    $800 10
Petri dish

Choyon
    $800 17
Lesotho

Gordon
    $800 3
Akron & Koran

Choyon
    $400 25
(Melissa: What is the Bosphorus?)

Gallipoli

Melissa
    $1200 21
(Alex: That's right--Kesha.)

the dollar sign

Choyon
    $1200 20
(Melissa: Who is Conrad?)

Hemingway

MelissaGordon
    $1200 9
pelican

Choyon
    $1200 15
the (Great) Rift Valley

Melissa
    $2,400 4
Serbia & rabies

Choyon
    $1600 28
(Gordon: Who is Neville Chamberlain?)

David Lloyd George

Gordon
Triple Stumper
    $1600 13
(Alex: AC/DC.)

a slash

Gordon
    $1600 22
South America

Triple Stumper
    $1600 7
petrol

Choyon
    $1600 12
the Niger

Melissa
    $1600 5
solitary & royalist

Triple Stumper
    $2000 27
(Gordon: Who is de Gaulle?)

General Foch

Gordon
Triple Stumper
    $2000 14
(Alex: Guns N' Roses.)

an apostrophe

Melissa
    $2000 23
birds

Triple Stumper
    $2000 8
Prosecco

Choyon
    $2000 16
the Cape of Good Hope

Choyon
    $2000 6
goat & toga

Triple Stumper

Scores at the end of the Double Jeopardy! Round:

Choyon Melissa Gordon
$18,900 $8,800 $4,600
(lock game)

[wagering suggestions for these scores]

Final Jeopardy! Round responses

CHILDREN'S LITERATURE
GordonWho is The Little Prince?
$4,599
MelissaWho is M Peter Pan?
$8,799
ChoyonWho is Winnie the Pooh?
$0
Winnie the Pooh

Final scores:

Choyon Melissa Gordon
$18,900 $1 $1
2-day champion: $42,700 2nd place: $2,000 3rd place: $1,000

Game dynamics:

Coryat scores:

Choyon Melissa Gordon
$19,200 $9,200 $4,600
22 R
(including 1 DD),
1 W
(including 1 DD)
13 R,
2 W
(including 1 DD)
14 R,
4 W

Combined Coryat: $33,000

[game clues] [game scores] [suggest correction]

Game tape date: 2015-03-03
The J! Archive is created by fans, for fans. Scraping, republication, monetization, and malicious use prohibited; this site may use cookies and collect identifying information. See terms. The Jeopardy! game show and all elements thereof, including but not limited to copyright and trademark thereto, are the property of Jeopardy Productions, Inc. and are protected under law. This website is not affiliated with, sponsored by, or operated by Jeopardy Productions, Inc. Join the discussion at JBoard.tv.